[Event "Ruhrgebiet Verbandsliga Gruppe 1 1819"]
[Site "Nordrheinwestfalen"]
[Date "2019.01.20"]
[Round "5.6"]
[White "Hessel, Malte"]
[Black "Schwiddessen, Jan"]
[Result "0-1"]
[WhiteElo "1924"]
[BlackElo "1862"]
[PlyCount "76"]
[EventDate "2018.09.23"]
[EventType "team-tourn"]
[EventRounds "9"]
[EventCountry "GER"]
[SourceTitle "EXT 2022"]
[Source "ChessBase"]
[SourceDate "2021.10.06"]
[SourceVersion "1"]
[SourceVersionDate "2021.10.06"]
[SourceQuality "1"]
[WhiteTeam "Sodingen/Castrop SK II"]
[BlackTeam "Brackel SF II"]
[WhiteTeamCountry "GER"]
[BlackTeamCountry "GER"]

1. d4 Nf6 2. Nf3 g6 3. g3 Bg7 4. Bg2 d6 5. 0-0 0-0 6. Re1 Nbd7 7. e4 e5 8. c3 h6 9. a4 Kh7 10. Na3 Ng8 11. dxe5 Nxe5 12. Nxe5 Bxe5 13. f4 Bg7 14. Be3 Be6 15. Qc2 Ne7 16. Nb5 c6 17. Nd4 Bxd4 18. Bxd4 Qc7 19. f5 Bd7 20. Rf1 b6 21. Rf2 g5 22. Re1 f6 23. c4 a5 24. b3 Rad8 25. Bc3 Be8 26. g4 Kg7 27. Rd2 Nc8 28. Red1 Qe7 29. Qb2 Bf7 30. e5 dxe5 31. Bxc6 Rxd2 32. Qxd2 Qc5+ 33. Kf1 Qxc6 34. Qf2 Bxc4+ 35. bxc4 Qxc4+ 36. Qe2 Qxc3 37. Qa2 Qf3+ 38. Ke1 Qh1+ 0-1

[Event "Ruhrgebiet Verbandsliga Gruppe 1 1819"]
[Site "Nordrheinwestfalen"]
[Date "2018.10.07"]
[Round "2.6"]
[White "Walny, Benjamin"]
[Black "Schwiddessen, Jan"]
[Result "1/2-1/2"]
[WhiteElo "1739"]
[BlackElo "1862"]
[PlyCount "27"]
[EventDate "2018.09.23"]
[EventType "team-tourn"]
[EventRounds "9"]
[EventCountry "GER"]
[SourceTitle "EXT 2022"]
[Source "ChessBase"]
[SourceDate "2021.10.06"]
[SourceVersion "1"]
[SourceVersionDate "2021.10.06"]
[SourceQuality "1"]
[WhiteTeam "Bochum SG III"]
[BlackTeam "Brackel SF II"]
[WhiteTeamCountry "GER"]
[BlackTeamCountry "GER"]

1. e4 c5 2. Nf3 d6 3. d4 cxd4 4. Nxd4 Nf6 5. Nc3 a6 6. Bg5 e6 7. f4 Be7 8. Qf3 Nc6 9. Nxc6 bxc6 10. 0-0-0 Qb6 11. e5 dxe5 12. fxe5 Nd5 13. Bxe7 Kxe7 14. Ne4 1/2-1/2

[Event "GER-chT U20"]
[Site "Osnabrueck"]
[Date "2015.12.28"]
[Round "3.5"]
[White "Doerp, Max Marian"]
[Black "Schwiddessen, Jan"]
[Result "0-1"]
[WhiteElo "1532"]
[BlackElo "1893"]
[PlyCount "72"]
[EventDate "2015.12.27"]
[EventType "team-swiss"]
[EventRounds "7"]
[EventCountry "GER"]
[SourceTitle "EXT 2017"]
[Source "ChessBase"]
[SourceDate "2016.10.25"]
[SourceVersion "1"]
[SourceVersionDate "2016.10.25"]
[SourceQuality "1"]
[WhiteTeam "Luebeck"]
[BlackTeam "Brackel"]
[WhiteTeamCountry "GER"]
[BlackTeamCountry "GER"]

1. c4 Nf6 2. g3 g6 3. Bg2 Bg7 4. Nc3 d6 5. d4 0-0 6. Nf3 Nc6 7. 0-0 Bd7 8. e4 a5 9. a3 e5 10. d5 Ne7 11. Bd2 a4 12. b4 axb3 13. Qxb3 b6 14. Rfe1 Bc8 15. a4 Nd7 16. Be3 f5 17. Ng5 Nc5 18. Bxc5 bxc5 19. f3 Bh6 20. Nh3 Kh8 21. Ra2 Ba6 22. Bf1 Rb8 23. Qc2 Qd7 24. a5 Rb4 25. Nd1 c6 26. Ra4 Rfb8 27. Rxb4 Rxb4 28. Nhf2 Qd8 29. Qa2 Qb8 30. Nc3 Rb2 31. Qa4 Bd2 32. Re2 Bxc3 33. Rxb2 Qxb2 34. dxc6 Bd4 35. c7 Qxf2+ 36. Kh1 Qg1# 0-1

[Event "Ruhrgebiet Verbandsliga Gruppe 2 1415"]
[Site "Germany"]
[Date "2014.09.21"]
[Round "1.3"]
[White "Schwiddessen, Jan"]
[Black "Steinle, Carsten"]
[Result "0-1"]
[WhiteElo "1810"]
[BlackElo "2105"]
[PlyCount "60"]
[EventDate "2014.09.21"]
[EventType "team-tourn"]
[EventRounds "9"]
[EventCountry "GER"]
[SourceTitle "EXT 2022"]
[Source "ChessBase"]
[SourceDate "2021.10.06"]
[SourceVersion "1"]
[SourceVersionDate "2021.10.06"]
[SourceQuality "1"]
[WhiteTeam "Brackel SF II"]
[BlackTeam "Ahlen SV"]
[WhiteTeamCountry "GER"]
[BlackTeamCountry "GER"]

1. e4 e6 2. d4 d5 3. Nd2 Nf6 4. e5 Nfd7 5. Bd3 c5 6. c3 Nc6 7. Ne2 Rb8 8. 0-0 b5 9. f4 Qb6 10. Nf3 f6 11. Kh1 g6 12. g4 Bg7 13. Be3 c4 14. Bb1 fxe5 15. fxe5 Ndxe5 16. Nxe5 Nxe5 17. Bf4 Nxg4 18. h3 Nf6 19. Bxb8 Qxb8 20. Bc2 0-0 21. Qd2 e5 22. dxe5 Qxe5 23. Rf3 d4 24. cxd4 Qh5 25. Rg3 Bh6 26. Qd1 Bb7+ 27. Kg1 Re8 28. Nc3 Qh4 29. Rf3 b4 30. Na4 Re3 0-1

[Event "GER-chT U20"]
[Site "Osnabrueck"]
[Date "2013.12.28"]
[Round "4.3"]
[White "Faldum, Manfred"]
[Black "Schwiddessen, Jan"]
[Result "1/2-1/2"]
[WhiteElo "1927"]
[BlackElo "1888"]
[PlyCount "102"]
[EventDate "2013.12.27"]
[EventType "team-swiss"]
[EventRounds "7"]
[EventCountry "GER"]
[SourceTitle "EXT 2015"]
[Source "ChessBase"]
[SourceDate "2014.11.20"]
[SourceVersion "1"]
[SourceVersionDate "2014.11.20"]
[SourceQuality "1"]
[WhiteTeam "Heidesheim"]
[BlackTeam "Brackel"]
[WhiteTeamCountry "GER"]
[BlackTeamCountry "GER"]

1. Nf3 Nf6 2. g3 g6 3. Bg2 Bg7 4. c4 d6 5. 0-0 0-0 6. Nc3 Nc6 7. Rb1 a5 8. a3 e5 9. d3 h6 10. b4 axb4 11. axb4 Be6 12. b5 Ne7 13. Nd2 d5 14. Qb3 Rb8 15. Ba3 dxc4 16. Nxc4 Re8 17. Qc2 Nfd5 18. Ne4 f5 19. Nc5 Bf7 20. Bb2 Nc8 21. Ba1 Qe7 22. Nb3 Nd6 23. Nxd6 cxd6 24. Rfc1 Rec8 25. Qxc8+ Rxc8 26. Rxc8+ Kh7 27. Nd2 Qd7 28. Rc2 Bf6 29. Nc4 Bd8 30. Ra2 e4 31. Ra7 Qc7 32. Ra8 Bf6 33. b6 Qe7 34. Bxf6 Qxf6 35. Rb8 Nc3 36. Re1 d5 37. Rxb7 dxc4 38. dxc4 Na4 39. Rb1 Nc5 40. Rc7 Na6 41. b7 Nb8 42. c5 Qe5 43. Rc8 Bd5 44. Bf1 e3 45. f3 f4 46. gxf4 Qxf4 47. Bg2 h5 48. Rb6 Qe5 49. h3 h4 50. c6 Qg3 51. c7 Qf2+ 1/2-1/2

[Event "GER-chT U20"]
[Site "Osnabrueck"]
[Date "2013.12.28"]
[Round "3.3"]
[White "Schwiddessen, Jan"]
[Black "Pluska, Alexander"]
[Result "1/2-1/2"]
[WhiteElo "1888"]
[BlackElo "1875"]
[PlyCount "54"]
[EventDate "2013.12.27"]
[EventType "team-swiss"]
[EventRounds "7"]
[EventCountry "GER"]
[SourceTitle "EXT 2015"]
[Source "ChessBase"]
[SourceDate "2014.11.20"]
[SourceVersion "1"]
[SourceVersionDate "2014.11.20"]
[SourceQuality "1"]
[WhiteTeam "Brackel"]
[BlackTeam "Kiel Doppelbauer"]
[WhiteTeamCountry "GER"]
[BlackTeamCountry "GER"]

1. e4 c5 2. c4 Nc6 3. Ne2 Nf6 4. Nbc3 e5 5. g3 d6 6. Bg2 Be7 7. d3 Be6 8. f4 g6 9. Nd5 Nd4 10. 0-0 Nxd5 11. Nxd4 cxd4 12. cxd5 Bd7 13. Qf3 f6 14. b3 Qb6 15. Bd2 0-0-0 16. Rfc1+ Kb8 17. Rc2 Rc8 18. Rac1 Rhf8 19. Qf1 g5 20. f5 h5 21. Bf3 Rxc2 22. Rxc2 Rh8 23. g4 h4 24. Qb1 Rc8 25. Kf2 Rxc2 26. Qxc2 Qc7 27. Bd1 Qxc2 1/2-1/2

[Event "GER-chT U20"]
[Site "Osnabrueck"]
[Date "2012.12.30"]
[Round "7.4"]
[White "Schwiddessen, Jan"]
[Black "Bonacic, Jascha"]
[Result "1-0"]
[WhiteElo "1834"]
[BlackElo "1914"]
[PlyCount "71"]
[EventDate "2012.12.27"]
[EventType "team-swiss"]
[EventRounds "7"]
[EventCountry "GER"]
[SourceTitle "EXT 2014"]
[Source "ChessBase"]
[SourceDate "2013.11.20"]
[SourceVersion "1"]
[SourceVersionDate "2013.11.20"]
[SourceQuality "1"]
[WhiteTeam "Brackel"]
[BlackTeam "Hagen"]
[WhiteTeamCountry "GER"]
[BlackTeamCountry "GER"]

1. e4 d5 2. exd5 Qxd5 3. Nc3 Qa5 4. Nf3 Nf6 5. Be2 Bg4 6. b4 Qb6 7. Rb1 e6 8. a3 Be7 9. d3 c6 10. Be3 Qc7 11. Qc1 0-0 12. 0-0 Nbd7 13. h3 Bh5 14. Rb3 Rfc8 15. Nd4 Bxe2 16. Ndxe2 Nb6 17. Bf4 Bd6 18. Bxd6 Qxd6 19. Ne4 Nxe4 20. dxe4 Qe5 21. Qe3 Rd8 22. Rd3 Nc4 23. Rfd1 Qf6 24. Qxa7 h6 25. Qxb7 Rdb8 26. Qxc6 Nb2 27. Rf3 Qe5 28. Rd7 Rc8 29. Qb7 Rab8 30. Qa7 Ra8 31. Qd4 Qxd4 32. Nxd4 e5 33. Nf5 Rxc2 34. Ne7+ Kh7 35. Rxf7 Nc4 36. Nd5 1-0

[Event "GER-chT U20"]
[Site "Osnabrueck"]
[Date "2012.12.28"]
[Round "4.4"]
[White "Boes, Julian"]
[Black "Schwiddessen, Jan"]
[Result "0-1"]
[WhiteElo "1903"]
[BlackElo "1834"]
[PlyCount "86"]
[EventDate "2012.12.27"]
[EventType "team-swiss"]
[EventRounds "7"]
[EventCountry "GER"]
[SourceTitle "EXT 2014"]
[Source "ChessBase"]
[SourceDate "2013.11.20"]
[SourceVersion "1"]
[SourceVersionDate "2013.11.20"]
[SourceQuality "1"]
[WhiteTeam "Heitersheim"]
[BlackTeam "Brackel"]
[WhiteTeamCountry "GER"]
[BlackTeamCountry "GER"]

1. e4 c5 2. Nf3 d6 3. Bb5+ Bd7 4. Bxd7+ Qxd7 5. 0-0 Nc6 6. c3 Nf6 7. Re1 g6 8. d4 cxd4 9. cxd4 Bg7 10. Nc3 0-0 11. d5 Nb4 12. a3 Na6 13. Be3 Rfc8 14. Bd4 Ng4 15. Rc1 Rc4 16. Bxg7 Kxg7 17. b3 Rc7 18. Qd4+ Kg8 19. h3 Nc5 20. Qd1 Ne5 21. Nxe5 dxe5 22. b4 Na6 23. Qb3 Rac8 24. Re2 Rc4 25. Rec2 Qc7 26. Kf1 Nb8 27. Ke1 e6 28. dxe6 fxe6 29. f3 Nd7 30. Kd1 Rd4+ 31. Rd2 Rxd2+ 32. Kxd2 Qb6 33. Ke2 Kf7 34. a4 Ke7 35. Rd1 Qc6 36. Rd3 Nf6 37. g4 Qc4 38. Qa3 Rd8 39. Nd1 Rxd3 40. Qxd3 Qxb4 41. Qc2 Nd7 42. Nb2 Nc5 43. Kf2 Qxb2 0-1

[Event "Ruhrgebiet Regionalliga 1112"]
[Site "Nordrheinwestfalen"]
[Date "2011.09.25"]
[Round "1.7"]
[White "Reichwaldt, Joachim"]
[Black "Schwiddessen, Jan"]
[Result "0-1"]
[WhiteElo "1873"]
[BlackElo "1793"]
[PlyCount "72"]
[EventDate "2011.09.25"]
[EventType "team-tourn"]
[EventRounds "9"]
[EventCountry "GER"]
[SourceTitle "EXT 2020"]
[Source "ChessBase"]
[SourceDate "2019.10.17"]
[SourceVersion "1"]
[SourceVersionDate "2019.10.17"]
[SourceQuality "1"]
[WhiteTeam "Holsterhausen SK"]
[BlackTeam "Brackel SF"]
[WhiteTeamCountry "GER"]
[BlackTeamCountry "GER"]

1. d4 Nf6 2. Nf3 g6 3. e3 Bg7 4. Bd3 0-0 5. 0-0 d6 6. b3 Nbd7 7. Bb2 c5 8. Nbd2 b6 9. Rc1 Bb7 10. c4 Qc7 11. Qc2 cxd4 12. exd4 Rac8 13. Rfe1 Rfe8 14. b4 d5 15. c5 bxc5 16. dxc5 e5 17. Bb5 a6 18. Ba4 e4 19. Nd4 Ng4 20. Nf1 Bxd4 21. Bxd4 Bc6 22. Qe2 Nge5 23. Qxa6 Ra8 24. Bxe5 Nxe5 25. Bxc6 Rxa6 26. Bxe8 Qb8 27. b5 Rxa2 28. c6 Qxe8 29. c7 Nc4 30. Ne3 Rd2 31. Nxd5 Rxd5 32. Rxc4 Qc8 33. b6 Rb5 34. Rd1 Rxb6 35. Rcc1 Kg7 36. Rd8 Qxc7 0-1

[Event "Ruhrgebiet Regionalliga 1011"]
[Site "Nordrheinwestfalen"]
[Date "2011.03.06"]
[Round "7.8"]
[White "Richters, Marc"]
[Black "Schwiddessen, Jan"]
[Result "1-0"]
[WhiteElo "1913"]
[BlackElo "1812"]
[PlyCount "89"]
[EventDate "2010.09.19"]
[EventType "team-tourn"]
[EventRounds "9"]
[EventCountry "GER"]
[SourceTitle "EXT 2020"]
[Source "ChessBase"]
[SourceDate "2019.10.17"]
[SourceVersion "1"]
[SourceVersionDate "2019.10.17"]
[SourceQuality "1"]
[WhiteTeam "Weisse Dame Borbeck"]
[BlackTeam "Brackel SF"]
[WhiteTeamCountry "GER"]
[BlackTeamCountry "GER"]

1. e4 e5 2. Nf3 Nc6 3. Bb5 a6 4. Ba4 Nf6 5. 0-0 b5 6. Bb3 Bb7 7. c3 Be7 8. Re1 0-0 9. d4 d6 10. Bg5 Nxe4 11. Bxe7 Nxe7 12. dxe5 d5 13. Nbd2 Ng6 14. Bc2 Nc5 15. Nd4 Re8 16. Qh5 Ne6 17. Nxe6 Rxe6 18. Nf3 h6 19. Nd4 Rb6 20. e6 Qf6 21. exf7+ Qxf7 22. b4 Rf8 23. f3 Rf6 24. a4 bxa4 25. Rxa4 Qd7 26. Raa1 Nf4 27. Qe5 Qd6 28. Qxd6 Rxd6 29. Re7 Rf7 30. Rae1 Rd7 31. Rxd7 Rxd7 32. Re8+ Kf7 33. Rb8 c6 34. Nb3 Rc7 35. Kf2 Bc8 36. g3 Ne6 37. Bf5 Ke7 38. Ke3 Kd6 39. Kd2 Ke7 40. h4 Kd6 41. Nc5 a5 42. Bxe6 Bxe6 43. Nb7+ Ke7 44. bxa5 Bc8 45. a6 1-0

[Event "GER-chT U14"]
[Site "Verden"]
[Date "2008.12.29"]
[Round "6.3"]
[White "Stoevesand, Eric"]
[Black "Schwiddessen, Jan"]
[Result "1/2-1/2"]
[WhiteElo "1670"]
[BlackElo "1428"]
[PlyCount "31"]
[EventDate "2008.12.27"]
[EventType "team-swiss"]
[EventRounds "7"]
[EventCountry "GER"]
[SourceTitle "EXT 2010"]
[Source "ChessBase"]
[SourceDate "2010.11.25"]
[SourceVersion "1"]
[SourceVersionDate "2010.11.25"]
[SourceQuality "1"]
[WhiteTeam "Feldberg"]
[BlackTeam "Dortmund Brackel"]
[WhiteTeamCountry "GER"]
[BlackTeamCountry "GER"]

1. e4 c5 2. Nf3 Nc6 3. d4 cxd4 4. Nxd4 Nf6 5. Nc3 d6 6. Be2 g6 7. Be3 Bg7 8. 0-0 0-0 9. Qd2 a6 10. f4 Qc7 11. Nb3 e6 12. Rad1 Rd8 13. Bf3 b5 14. Qf2 Nd7 15. Nd4 Bb7 16. Rd2 1/2-1/2

[Event "GER-chT U12"]
[Site "Verden an der Aller"]
[Date "2007.12.30"]
[Round "7.1"]
[White "Schwiddessen, Jan"]
[Black "Volz, Alexander"]
[Result "1/2-1/2"]
[WhiteElo "1335"]
[BlackElo "1480"]
[PlyCount "108"]
[EventDate "2007.12.27"]
[EventType "team-swiss"]
[EventRounds "7"]
[EventCountry "GER"]
[SourceTitle "EXT 2009"]
[Source "ChessBase"]
[SourceDate "2008.11.26"]
[SourceVersion "1"]
[SourceVersionDate "2008.11.26"]
[SourceQuality "1"]
[WhiteTeam "Brackel SF U12"]
[BlackTeam "Ettlingen U12"]
[WhiteTeamCountry "GER"]
[BlackTeamCountry "GER"]

1. d4 d5 2. Bf4 Nf6 3. e3 Nc6 4. c4 dxc4 5. Bxc4 e6 6. Nf3 Bd6 7. Bg3 0-0 8. Nc3 a6 9. a3 b5 10. Bd3 Bb7 11. 0-0 Bxg3 12. fxg3 Qd7 13. Ne5 Nxe5 14. dxe5 Nd5 15. Rf2 Rad8 16. Nxd5 exd5 17. Rc1 c6 18. Bf5 Qe7 19. Qd4 Rde8 20. Qb6 Rb8 21. Qd4 Rfe8 22. Rfc2 Qxe5 23. Qxe5 Rxe5 24. Bd7 Rxe3 25. Bxc6 Bxc6 26. Rxc6 Re6 27. Rc8+ Re8 28. Rxb8 Rxb8 29. Rc6 a5 30. Rd6 g6 31. Rxd5 Kg7 32. Kf2 Kf6 33. Kf3 Ke6 34. Rd4 Rc8 35. Re4+ Kf6 36. Kf4 g5+ 37. Kf3 Rc2 38. b4 Rc3+ 39. Re3 Rxe3+ 40. Kxe3 axb4 41. axb4 Ke5 42. h4 h6 43. Kf3 f6 44. Kg4 Kd4 45. Kh5 gxh4 46. gxh4 Kc4 47. Kxh6 Kxb4 48. Kg6 Kc4 49. h5 b4 50. h6 b3 51. h7 b2 52. h8Q b1Q+ 53. Kf7 Qb7+ 54. Kg6 Qxg2+ 1/2-1/2